Alle Bahnhöfe in Thüringen (SPNV) - Statistiken

Allgemein
  • Dieses Quiz wurde 99 mal gespielt
  • Das Durchschnittsergebnis liegt bei 68 aus 292
Antwortstatistiken
Station % Korrekt
Erfurt Hauptbahnhof
95%
Gera Hauptbahnhof
90%
Weimar
88%
Eisenach Hauptbahnhof
83%
Gotha
83%
Altenburg
81%
Saalfeld (Saale)
81%
Nordhausen
79%
Suhl
79%
Mühlhausen (Thüringen)
74%
Arnstadt Hauptbahnhof
71%
Ilmenau
71%
Jena Paradies
69%
Jena West
69%
Leinefelde
67%
Sömmerda
67%
Apolda
64%
Greiz
64%
Meiningen
64%
Neudietendorf
64%
Rudolstadt (Thüringen)
64%
Sonneberg (Thüringen) Hauptbahnhof
64%
Sondershausen
62%
Bad Langensalza
60%
Heilbad Heiligenstadt
60%
Hermsdorf-Klosterlausnitz
60%
Ilmenau-Roda
60%
Jena-Göschwitz
60%
Nordhausen-Salza
60%
Zella-Mehlis
57%
Schmölln (Thüringen)
55%
Erfurt Nord
50%
Gößnitz
48%
Stadtroda
45%
Zeulenroda unterer Bahnhof
45%
Gera Süd
43%
Jena Saalbahnhof
43%
Schmalkalden
43%
Kahla (Thüringen)
38%
Vieselbach
38%
Arnstadt Süd
36%
Bad Köstritz
36%
Bad Salzungen
36%
Berga (Elster)
36%
Camburg (Saale)
36%
Erfurt Ost
36%
Heringen (Helme)
36%
Hildburghausen
36%
Probstzella
36%
Rönneburg (Thüringen)
36%
Crossen an der Elster
33%
Eisenach West
33%
Erfurt-Bischleben
33%
Erfurt-Gispersleben
33%
Gerstungen
33%
Neustadt (Orla)
33%
Rudolstadt-Schwarza
33%
Waltershausen
33%
Weida
33%
Artern
31%
Bad Berka
31%
Bad Blankenburg (Thüringer Wald)
31%
Bad Lobenstein
31%
Bad Sulza
31%
Bleicherode Ost
31%
Eisenach Opelwerke Hp
31%
Hopfgarten (Kr Weimar)
31%
Plaue (Thüringen)
31%
Triebes
31%
Triptis
31%
Friedrichroda
29%
Gera-Zwötzen
29%
Grimmenthal
29%
Großheringen
29%
Kranichfeld
29%
Neuhaus am Rennweg
29%
Orlamünde
29%
Pößneck oberer Bahnhof
29%
Pößneck unterer Bahnhof
29%
Seebergen
29%
Stadtilm
29%
Stotternheim
29%
Crossen Ort
26%
Dornburg (Saale)
26%
Gera-Langenberg
26%
Gotha Ost
26%
Haarhausen
26%
Lauscha (Thüringen)
26%
Themar
26%
Wünschendorf (Elster)
26%
Wutha
26%
Döllstädt
24%
Fröttstädt
24%
Gehlberg
24%
Gräfenroda
24%
Katzhütte
24%
Kühnhausen
24%
Lehndorf (Kr Altenburg)
24%
Rennsteig
24%
Ringleben-Gebesee
24%
Rottenbach
24%
Straußfurt
24%
Wandersleben
24%
Weida Mitte
24%
Wolkramshausen
24%
Blankenstein (Saale)
21%
Geraberg
21%
Großschwabhausen
21%
Jena-Zwätzen
21%
Kaulsdorf (Saale)
21%
Kölleda
21%
Kraftsdorf
21%
Mellingen (Thüringen)
21%
Singen (Thüringen)
21%
Sonneberg (Thüringen) Nord
21%
Töppeln
21%
Weida Altstadt
21%
Wolfsgefärth
21%
Buttstädt
19%
Eisfeld
19%
Ellrich
19%
Elxleben
19%
Hohenebra Ort
19%
Ilmenau Pörlitzer Höhe
19%
Marlishausen
19%
Mechterstädt
19%
Neumühle (Elster)
19%
Nöbdenitz
19%
Oberweimar
19%
Oßmannstedt
19%
Papiermühle (Kr Stadtroda)
19%
Paulinzella
19%
Schönau (Hörsel)
19%
Sonneberg (Thüringen) Ost
19%
Sonneberg (Thüringen) West
19%
Steinbach-Hallenberg
19%
Suhl-Heinrichs
19%
Sülzenbrücken
19%
Untermaßfeld
19%
Weimar West
19%
Wernshausen
19%
Arenshausen
17%
Cursdorf
17%
Dachrieden
17%
Dachwig
17%
Gräfentonna
17%
Greiz-Dölau
17%
Greußen
17%
Hohenleuben
17%
Lichtenhain (an der Bergbahn)
17%
Loitsch-Hohenleuben
17%
Martinroda
17%
Mellenbach-Glasbach
17%
Meuselbach-Schwarzmühle
17%
Neue Schenke
17%
Nohra (b Weimar)
17%
Nohra (Wipper)
17%
Oberweißbach-Deesbach
17%
Obstfelderschmiede
17%
Rothenstein (Saale)
17%
Sättelstädt
17%
Schwarzburg
17%
Uder
17%
Walschleben
17%
Wasungen
17%
Wurzbach (Thüringen)
17%
Breitungen (Werra)
14%
Elgersburg
14%
Förtha (b Eisenach)
14%
Gangloffsömmern
14%
Großrudestedt
14%
Harra
14%
Heldrungen
14%
Hörselgau
14%
Könitz (Thüringen)
14%
Krölpa-Ranis
14%
München (b Bad Berka)
14%
Niedersachswerfen
14%
Niederschmalkalden
14%
Niedertrebra
14%
Reinsdorf (b Artern)
14%
Ritschenhausen
14%
Unterwellenborn
14%
Voigtstedt
14%
Wasserthaleben
14%
Werther
14%
Wünschendorf (Elster) Nord
14%
Zella-Mehlis West
14%
Ammern
12%
Dörrberg
12%
Ernstthal am Rennsteig
12%
Freienorla
12%
Glückauf
12%
Görsbach
12%
Großengottern
12%
Großfurra
12%
Harra Nord
12%
Hausen
12%
Hörschel
12%
Immelborn
12%
Kleinfurra
12%
Leutenberg
12%
Mittelschmalkalden
12%
Neuhaus-Igelshieb
12%
Neunhofen
12%
Niederpöllnitz
12%
Niederwillingen
12%
Oberlauscha
12%
Oppurg
12%
Rauenstein (Thüringen)
12%
Rentwertshausen
12%
Rohr (Thüringen)
12%
Schamalkalden-Fachhochschule
12%
Schüptitz
12%
Sitzendorf-Unterweißbach
12%
Steinach (Thüringen)
12%
Treben-Lehma
12%
Uhlstädt
12%
Unterloquitz
12%
Vachdorf
12%
Weimar Berkaer Bahnhof
12%
Bad Berka Zeughausplatz
10%
Benshausen
10%
Blechhammer (Thüringen)
10%
Breternitz
10%
Bretleben
10%
Bufleben
10%
Dietzhausen
10%
Ettenhausen
10%
Hockeroda
10%
Holzdorf (b Weimar)
10%
Ilmenau Bad
10%
Langenorla Ost
10%
Langenorla West
10%
Leubingen
10%
Lichtentanne (Thüringen)
10%
Manebach
10%
Mengersgereuth-Hämmern
10%
Mengersgereuth-Hämmern Ost
10%
Ponitz
10%
Porstendorf
10%
Reinhardsbrunn-Friedrichroda
10%
Reurieth
10%
Schalkau
10%
Seebach (Kr Mühlhausen)
10%
Silberhausen
10%
Stützerbach
10%
Tannroda
10%
Unterlemnitz
10%
Walldorf (Werra)
10%
Wölfershausen
10%
Zeutsch
10%
Ballstädt (Kr Gotha)
7%
Bechstedt-Trippstein
7%
Bernterode
7%
Beuren
7%
Bibra
7%
Birkungen
7%
Bodenrode
7%
Eckardtsleben
7%
Etzleben
7%
Gebra (Hainleite)
7%
Gernrode-Niederorschel
7%
Guthmannshausen
7%
Kiebitzhöhe
7%
Marksuhl
7%
Olbersleben-Ellersleben
7%
Schönstedt
7%
Schwallungen
7%
Sollstedt
7%
Viernau
7%
Waltershausen-Schnepfenthal
7%
Wingerode
7%
Wipperdorf
7%
Altersbach
5%
Bachfeld
5%
Effelder (Thüringen)
5%
Griefstedt
5%
Großneuhausen
5%
Harras (Thüringen)
5%
Hetschburg
5%
Legefeld
5%
Obergrunstedt
5%
Oberrohn
5%
Steinach (Thüringen) Süd
5%
Auehütte
2%
Hüttengrund
2%
Niederspier
2%
Schalkau-Mitte
2%
Seltendorf
2%
Veilsdorf
2%
Woffleben
2%
Keine übereinstimmenden Quizze gefunden
Verteilung der Resultate
Anzahl Personen mit jedem Resultat
Perzentil nach korrekt beantworteten Fragen
Ihre Resultats-Entwicklung
Sie haben dieses Quiz noch nicht gespielt